000 00444nam a2200193Ia 4500
005 20240823032024.0
008 240823s9999||||xx |||||||||||||| ||und||
020 _a978-81-7223-492-8
041 _aENGLISH
082 _A813.54 Q1
100 _aSidney Sheldon
245 4 _aThe Best Laid Plans
250 _a1 st
260 _c2011
_bHarper Collins Publi
500 _aYES
650 _aNovel
_bEnglish
942 _cBK
999 _c192458
_d192458